Το Ποδόσφαιρο Εναντίον του Εχθρου (Record no. 1962)
[ view plain ]
| 000 -LEADER | |
|---|---|
| fixed length control field | 01383cam a22002054a 4500 |
| 005 - ΗΜΕΡΟΜΗΝΙΑ ΚΑΙ ΩΡΑ ΤΕΛΕΥΤΑΙΑΣ ΕΝΗΜΕΡΩΣΗΣ | |
| Πεδίο ελέγχου | 20250605164024.0 |
| 008 - FIXED-LENGTH DATA ELEMENTS--GENERAL INFORMATION | |
| Πεδίο ελέγχου σταθερού μήκους | 250528s ||||||||||||||||||||||||d |
| 035 ## - SYSTEM CONTROL NUMBER | |
| System control number | 16464 |
| 020 ## - ISBN | |
| ISBN | 9603445339 |
| 040 ## - ΠΗΓΗ ΚΑΤΑΛΟΓΟΓΡΑΦΗΣΗΣ | |
| Φορέας πρωτότυπης καταλογογράφησης | MC Athens Campus Library |
| Γλώσσα καταλογογράφησης | Ελληνικά, Μοντέρνα (1453-) |
| Modifying agency | MC Athens Campus Library |
| Κανόνες περιγραφικής καταλογογράφησης | AACR2 |
| 245 1# - ΤΙΤΛΟΣ ΚΑΙ ΔΗΛΩΣΗ ΥΠΕΥΘΥΝΟΤΗΤΑΣ | |
| Τίτλος | Το Ποδόσφαιρο Εναντίον του Εχθρου |
| 250 ## - EDITION STATEMENT | |
| Edition statement | 1η |
| 260 ## - PUBLICATION, DISTRIBUTION, ETC. | |
| Name of publisher, distributor, etc. | Ελληνικά Γράμματα, |
| Date of publication, distribution, etc. | 1994 |
| 300 ## - PHYSICAL DESCRIPTION | |
| Extent | 432 |
| 520 ## - SUMMARY, ETC. | |
| Summary, etc. | Ένα εκπληκτικό βιβλίο: Επιδέξια γραμμένο συναρπάζει καθώς το σκηνικό αλλάζει από ήπειρο σεήπειρο, με εκπληκτική αυτοπεποίθηση εκτέλεσης και ωριμότητα κρίσης, κι όμως ταυτόχρονα φρέσκο, όπως μόνο η δουλειά ενός νέου ανθρώπου μπορεί να είναι. Μια σαρωτική, πανοραμική άποψη της κουλτούρας που περιβάλλει το παιχνίδι, μια διορατική ματιά στο πόσο συχνά και πόσο βαθιά δύο άντρες και μια μπάλα μπορούν να αποτελέσουν ένα κρυπτογράφημα ιδεολογίας, θρησκείας και αγάπης. |
| 700 1# - ΠΡΟΣΘΕΤΗ ΑΝΑΓΡΑΦΗ--ΦΥΣΙΚΟ ΠΡΟΣΩΠΟ | |
| Personal name | Kuper Simon |
| 9 (RLIN) | 2561 |
| 942 ## - ADDED ENTRY ELEMENTS (KOHA) | |
| Koha item type | Books |
| Τύπος τεκμηρίου | Βιβλιοθήκη | Τρέχουσα τοποθεσία | Barcode | Αριθμός εισαγωγής | Ημερομηνία απόκτησης | Ταξιθετικό σύμβολο | Αριθμός αντιτύπου | Κατάσταση απόσυρσης | Κατάσταση χαμένου | Κατάσταση κατεστραμμένου | Μη δανεισμός | Σύνολο δανεισμών | Ημερομηνία τελευταίας εμφάνισης | Η τιμή ισχύει από |
|---|---|---|---|---|---|---|---|---|---|---|---|---|---|---|
| Books | MC Athens Campus Library | MC Athens Campus Library | 9780000019615 | 4168 | 05/06/2025 | 796.334/21 KUP | 1 | 05/06/2025 | 05/06/2025 |